Textos sobre el imperialismo / (Record no. 90548)
[ view plain ]
| 000 -LEADER | |
|---|---|
| campo de control de longitud fija | 00569nam a2200193 i 4500 |
| 001 - NÚMERO DE CONTROL | |
| campo de control | 90548 |
| 003 - IDENTIFICADOR DE NÚMERO DE CONTROL | |
| campo de control | ES-MaACL |
| 005 - FECHA Y HORA DE LA ÚLTIMA TRANSACCIÓN | |
| campo de control | 20240225063054.0 |
| 007 - CAMPO FIJO DE DESCRIPCIÓN FÍSICA--INFORMACIÓN GENERAL | |
| campo de control de longitud fija | t| |
| 008 - DATOS DE LONGITUD FIJA--INFORMACIÓN GENERAL | |
| campo de control de longitud fija | 050121s1976 sp ||||1| spa d |
| 100 1# - ENTRADA PRINCIPAL--NOMBRE DE PERSONA | |
| Nombre de persona | Lenin, Vladimir Il'ich, |
| Fechas asociadas al nombre | 1870-1924 |
| 9 (RLIN) | 71523 |
| 245 10 - MENCIÓN DEL TÍTULO | |
| Título | Textos sobre el imperialismo / |
| Mención de responsabilidad, etc. | Vladimir Illicht Lenin. |
| 260 ## - PUBLICACIÓN, DISTRIBUCIÓN, ETC. | |
| Lugar de publicación, distribución, etc. | [Madrid] : |
| Nombre del editor, distribuidor, etc. | Miguel Castellote, |
| Fecha de publicación, distribución, etc. | [1976] |
| 300 ## - DESCRIPCIÓN FÍSICA | |
| Extensión | 83 p. ; |
| Dimensiones | 20 cm. |
| 490 1# - MENCIÓN DE SERIE | |
| Mención de serie | Básica ; |
| Designación de volumen o secuencia | 4 |
| 830 0# - PUNTO DE ACCESO ADICIONAL DE SERIE-TÍTULO UNIFORME | |
| Título uniforme | Básica ; |
| Designación de volumen o secuencia | 4 |
| 9 (RLIN) | 184155 |
| 852 ## - LOCALIZACIÓN | |
| Ubicación | ES-MaACL |
| Número de control de estantería | A-5732 |
| Sublocalización o colección | R.94706 |
| Estatus retirado | Estado de pérdida | Estado de daño | No para préstamo | Biblioteca de origen | Biblioteca actual | Ubicación en estantería | Fecha de adquisición | Fuente de adquisición | Total de préstamos | Signatura topográfica completa | Código de barras | Visto por última vez | Precio de reemplazo | Tipo de ítem Koha |
|---|---|---|---|---|---|---|---|---|---|---|---|---|---|---|
| Biblioteca del Ateneo de Madrid | Biblioteca del Ateneo de Madrid | Sala Pecera Planta 1 | 17/01/2008 | A-5732 | 1094552 | 23/02/2023 | 23/02/2023 | Libro impreso |
